Most Populous East Coast Cities - Statistics

General Stats
  • This quiz has been taken 65 times
  • The average score is 10 of 15
Answer Stats
Hint Answer % Correct
1 New York
100%
4 Boston
97%
6 Miami
91%
3 Philadelphia
88%
9 Baltimore
81%
7 Atlanta
76%
11 Orlando
76%
13 Jacksonville
74%
10 Tampa
74%
5 Washington
74%
12 Charlotte
72%
8 Montreal
28%
2 Toronto
24%
15 Norfolk
22%
14 Quebec City
21%
No matching quizzes found
Score Distribution
Percent of People with Each Score
Percentile by Number Answered
Your Score History
You have not taken this quiz